000 00957nam a22002897a 4500
003 CHAP
005 20220329143730.0
008 110427s mx a r 00010 spa d
010 _a101057
011 _a102029
035 _a112717
040 _cCHAP
090 _aFolleto 17942
245 0 3 _aEl sistema de riego por goteo Rex / Netafim :
_bla tecnología del mañana... para las necesidades de hoy
_c/por Plásticos Rex
260 _a[México, D.F.] :
_bPlásticos Rex,
_c[s.d.]
300 _a[20 p.] :
_bilus.
590 _aBATCH-UPD
_b10
_c20130110
_lUCH01
_h0852
590 _aBATCH-UPD
_b10
_c20130410
_lUCH01
_h0524
590 _aBATCH-UPD
_b10
_c20130914
_lUCH01
_h1922
590 _aCONVERSION
_b10
_c20130109
_lUCH01
_h1356
650 1 4 _aRiego por goteo.
_997380
650 1 4 _aSistemas de riego.
_9106772
710 2 _aPlásticos Rex.
_989201
901 _aBK
942 _cFOLL
949 _aFolleto 17942
_bBC
_cFOLL
_d33724002254066
_eTS1
_i112717
_sb
999 _c101057
_d101057